000 00740nam a2200265 a 4500
003 AR-BaBNM
005 20251128205220.0
008 082120s2002 ||||||||||||||000 | spa||
020 _a92-2-307308-1
040 _cAR-BaBNM
110 2 _aOrganización Internacional del Trabajo
_9OIT
245 0 0 _aTodavía queda mucho por hacer ;
_bEl trabajo de los niños en el mundo de hoy
250 _a1ª ed.
260 _aGinebra
_bOIT
_c1989
300 _axi, 60 p.
_bil.
650 4 _aTRABAJO
650 4 _aLEGISLACION DEL TRABAJO
650 4 _aTRABAJO DE MENORES
650 4 _aNIÑOS QUE TRABAJAN
650 4 _aPOBREZA
650 4 _aPROBLEMAS SOCIALES
700 1 _aHansenne, Michel
_eprologuista
942 _cBK
998 _cCARMEN
999 _c10484
_d10484